Programmable Logic Controllers (Record no. 4205)

000 -LEADER
fixed length control field 00373nam a2200157Ia 4500
008 - FIXED-LENGTH DATA ELEMENTS--GENERAL INFORMATION
fixed length control field 200103s9999||||xx |||||||||||||| ||und||
020 ## - INTERNATIONAL STANDARD BOOK NUMBER
International Standard Book Number 9789380501468
082 ## - DEWEY DECIMAL CLASSIFICATION NUMBER
Classification number Column-9
100 ## - MAIN ENTRY--PERSONAL NAME
Personal name Bolton, W.
245 #0 - TITLE STATEMENT
Title Programmable Logic Controllers
250 ## - EDITION STATEMENT
Edition statement 5th Ed.
260 ## - PUBLICATION, DISTRIBUTION, ETC. (IMPRINT)
Name of publisher, distributor, etc Elsevier Academic Press
Date of publication, distribution, etc 2009
300 ## - PHYSICAL DESCRIPTION
Extent xii, 400
942 ## - ADDED ENTRY ELEMENTS (KOHA)
Item type Books
Holdings
Withdrawn status Lost status Source of classification or shelving scheme Damaged status Not for loan Permanent location Current location Date acquired Total Checkouts Total Renewals Full call number Barcode Date last seen Date last borrowed Koha item type
          IMU-MPC Library IMU-MPC Library 2020-01-08 5 5 Column-9 LBS13415 2025-03-17 2022-05-24 Books
Copyright © 2021 Indian Maritime University, Mumbai Port Campus. All Rights Reserved. Managed & Maintained by Central Library, IMU-Mumbai

webs counters

Powered by Koha